000 00580nam a2200193Ia 4500
003 GCL
008 140319s9999 xx 000 0 ara d
040 _aGCL /
_cGCL
082 0 4 _a812.05
_bم ك
100 1 _aمحمد مندور
245 1 0 _aالكلاسيكية والاصول الفنية للدرسات /
_cمحمد مندور
260 _a[S.N] :
_bدار نهضة مصر للطبع والنشر ،
_c1983
300 _a104 ص
490 _a
650 0 4 _aالادب العربى
650 0 4 _aالمسرحيات
650 0 4 _aتاريخ ونقد
942 _2ddc
_cBK
999 _c31474
_d31474